| 000 | 00863nmc a2200289 a 4500 | ||
|---|---|---|---|
| 003 | AR-BaBNM | ||
| 005 | 20251128205208.0 | ||
| 008 | 011101s1996 ||||||||||||||000 | spa|| | ||
| 020 | _a950-550-151-X | ||
| 040 | _cAR-BaBNM | ||
| 100 | 1 | _aRadusky de Kotliar, Dora | |
| 245 | 1 | 0 |
_aRitual y realidad de la conducción educativa _bun análisis institucional |
| 260 |
_aBuenos Aires _bMagisterio del Río de la Plata _c1996 |
||
| 300 |
_a111 p. _bdiagr. |
||
| 490 | 0 | _aRespuestas educativas | |
| 504 | _aBibliografía: p. 111-112 | ||
| 600 | 1 | 4 | _aGreen, Thomas |
| 650 | 4 | _aCALIDAD DE LA EDUCACION | |
| 650 | 4 | _aGESTION | |
| 650 | 4 | _aORGANIZACION ESCOLAR | |
| 650 | 4 | _aORGANIZACION ADMINISTRATIVA | |
| 650 | 4 | _aSUPERVISION DE LOS DOCENTES | |
| 653 | _aEDUCACION GENERAL BASICA | ||
| 653 | _aPROYECTO INSTITUCIONAL | ||
| 942 | _cBK | ||
| 998 | _csilvi | ||
| 999 |
_c10404 _d10404 |
||